000 00792nam a2200241Ia 4500
001 Z_3974
008 220601s9999 xx 000 0 und d
020 _a968-24-1581-0
082 _a001.42 P76
245 _aEl protocolo de investigacion : lineamientos para su elaboracion y analisis / Ignacio Méndez Ramírez... [et al.]
260 _aMéxico : Trillas
300 _a210 p.
503 _aej.1: donación (Dr. Javier Ocádiz, enero 1985)
504 _aBibliografía: 203 - 204
650 _a1. Investigación -- Metodología
_9177895
650 _aCiencia -- Metodología
700 _aMéndez Ramírez, Ignacio, aut.Ì
_9177896
901 _a001.42 P76
902 _aM
905 _a523227 1984 mx a 9222223322spa16
942 _c1
999 _c216919
_d216919